Anagrams of Cobra 11 characters - Statistics

General Stats
  • This quiz has been taken 16 times
  • The average score is 8 of 15
Answer Stats
Anagram Character % Correct
Latex brand Alex Brandt
92%
Mars king here Semir Gerkhan
92%
Genre jab Ben Jager
75%
Born heart diet Dieter Bonrath
75%
Kir keg rum Kim Kruger
75%
Prune renal Paul Renner
75%
Monarch kit Tom Kranich
67%
A dank hanger Dana Gerkhan
50%
Further mud ant Hartmut Freund
50%
Hers berg or hertz Horst Herzberger
50%
An england heart Anna Engelhardt
25%
Hangar key ad Ayda Gerkhan
25%
Sank ego in sun Susanne Konig
25%
Frond ere jinn Jennifer Dorn
17%
Read as a french Andrea Schafer
8%
No matching quizzes found
Score Distribution
Percent of People with Each Score
Percentile by Number Answered
Your Score History
You have not taken this quiz